000 nam a22 4500
999 _c8812
_d8812
008 180313b ||||| |||| 00| 0 eng d
245 _aSports, arts and design track gets least enrolment.
260 _aPhilippines
_bThe Philippine Star
_cc2016
300 _apage B-11.
650 0 _926764
_aEducation.
942 _2ddc
_cPER